| 000 | 00476nam a2200181 a 4500 | ||
|---|---|---|---|
| 005 | 20230602063647.0 | ||
| 008 | 991125s1979 mx 000 0 spa u | ||
| 035 | _aUPN01000005517 | ||
| 049 | _aCG | ||
| 050 | 4 |
_aPQ7297 G38 _bB4 1979 |
|
| 100 | 1 |
_aGaribay, Ricardo, _d1923-1999 _935929 |
|
| 245 | 1 | 0 |
_aBeber un cáliz / _cRicardo Garibay. |
| 250 | _a2a ed. | ||
| 260 |
_aMéxico : _bJ. Mortiz, _c1979. |
||
| 300 | _a187 p. | ||
| 650 | 4 |
_aNovela mexicana _94557 |
|
| 905 | _aLibro | ||
| 999 |
_c5517 _d5517 |
||